000 00713nam a22002177a 4500
999 _c180437
_d180437
005 20220218154122.0
010 _aENG-129700
020 _c1295.00
_a9788194971238
035 _aEN-113232
037 _bDBAD/PUB
082 _a230.2
245 _aDevi Mahatmyam/
_cEdited and Complied by Manoj Singh, Dimple Verma & Sanjeev K. Singh
250 _a2021
260 _aNew Delhi
_bD.P.S Publishing House
_c2020
270 _a4598/12B,Gola Cottage, Ansari Road, Darya Ganj
_bNew Delhi
_e110002
_k011-43586184
_mdpspublishinghouse@gmail.com
300 _a316 p.
_c23cm(pbk)
700 _aSingh, Manoj
700 _aVerma, Dimple
700 _aSingh, Sanjeev K.
942 _2ddc
_cEN
_h230.2
_mDEV